Mystery Incorporated - Statistics

General Stats
  • This quiz has been taken 16 times
  • The average score is 4 of 5
Answer Stats
Picture Answer % Correct
Scooby-Doo
100%
Daphne Blake
90%
Fred Jones
90%
Shaggy Rogers
80%
Velma Dinkley
80%
No matching quizzes found
Score Distribution
Percent of People with Each Score
Percentile by Number Answered
Your Score History
You have not taken this quiz